000 00268nam a2200109Ia 4500
008 220204s9999 xx 000 0 und d
082 _a77.041.5
_bSPI;1
100 _aSpitzing, Gunter
245 0 _aPhotoguide to portraits
260 _aLondon
_bFocal
_c1974
942 _cBK
999 _c25970
_d25970